banner-ar

موسوعة السنة : (Record no. 65599)

MARC details
000 -الفاتح
حقل البيانات ثابتة الطول 00584nam a2200205Ia 4500
005 - وقت وتاريخ اخر تعامل مع التسجيلة
رقم الضبط 20240530110833.0
008 - عناصر البيانات ثابتة الطول - معلومات عامة
حقل البيانات ثابتة الطول 140319s9999 xx 000 0 ara d
020 ## - الرقم الدولى المعيارى للكتب
الرقم الدولى المعيارى للكتاب 9754540012
040 ## - مصدر الفهرسة
وكالة الفهرسة الأصلية GCL /
وكالة النسخ GCL
082 04 - رقم تصنيف ديوى العشرى
رقم التصنيف 235\
رقم المادة د ك
رقم الطبعة 21
110 0# - المدخل الرئيسى - إسم هيئة
اسم الهيئة أو اسم السلطة كمدخل دار سحنون
245 10 - بيان العنوان
العنوان موسوعة السنة :
بقية العنوان الكتب الستة وشروحها /
بيان المسئوليه,etc دار سحنون
250 ## - بيان الطبعة
بيان الطبعة ط.2
260 ## - PUBLICATION, DISTRIBUTION, ETC. (IMPRINT)
تاريخ النشر أو التوزيع 1992
300 ## - الوصف المادى
التعداد 23 جزء ؛
أبعاد الوعاء 24 سم.
650 07 - المدخل الاضافى بالموضوع-مصطلح موضوعى
مصطلح موضوعي شرح الحديث
650 07 - المدخل الاضافى بالموضوع-مصطلح موضوعى
مصطلح موضوعي صحيح مسلم
942 ## - عناصر المدخل الإضافي( كوها)
مصدر التصنيف او مخطط الترفيف Dewey Decimal Classification
Koha [default] item type كتاب
260 ## - PUBLICATION, DISTRIBUTION, ETC. (IMPRINT)
-- [S.N] :
-- دار سحنون ،
Holdings
حالة التراجع حالة الفقد مصدر التصنيف او خطة الترفيف حالة تلف ليس للاعارة المكان المؤقت الموقع الحالى موقع الترفيف تاريخ الاكتساب اجمالي اﻻعارات رقم الطلب الباركود تاريخ اخر مشاهدة تاريخ تفعيل السعر نوع وعاء كوها
    ddc     مكتبة القاهرة الكبرى مكتبة القاهرة الكبرى القاعة الرئيسية 10/01/2019   235\ د ك 166522 10/01/2019 10/01/2019 كتاب
    ddc     مكتبة القاهرة الكبرى مكتبة القاهرة الكبرى القاعة الرئيسية 10/01/2019   235\ د ك 166523 10/01/2019 10/01/2019 كتاب
    ddc     مكتبة القاهرة الكبرى مكتبة القاهرة الكبرى القاعة الرئيسية 10/01/2019   235\ د ك 166524 10/01/2019 10/01/2019 كتاب
    ddc     مكتبة القاهرة الكبرى مكتبة القاهرة الكبرى القاعة الرئيسية 10/01/2019   235\ د ك 166525 10/01/2019 10/01/2019 كتاب
    ddc     مكتبة القاهرة الكبرى مكتبة القاهرة الكبرى القاعة الرئيسية 10/01/2019   235\ د ك 166526 10/01/2019 10/01/2019 كتاب
    ddc     مكتبة القاهرة الكبرى مكتبة القاهرة الكبرى القاعة الرئيسية 10/01/2019   235\ د ك 166527 10/01/2019 10/01/2019 كتاب
    ddc     مكتبة القاهرة الكبرى مكتبة القاهرة الكبرى القاعة الرئيسية 10/01/2019   235\ د ك 166528 10/01/2019 10/01/2019 كتاب
    ddc     مكتبة القاهرة الكبرى مكتبة القاهرة الكبرى القاعة الرئيسية 10/01/2019   235\ د ك 166529 10/01/2019 10/01/2019 كتاب
    ddc     مكتبة القاهرة الكبرى مكتبة القاهرة الكبرى القاعة الرئيسية 10/01/2019   235\ د ك 166530 10/01/2019 10/01/2019 كتاب
    ddc     مكتبة القاهرة الكبرى مكتبة القاهرة الكبرى القاعة الرئيسية 10/01/2019   235\ د ك 166531 10/01/2019 10/01/2019 كتاب
    ddc     مكتبة القاهرة الكبرى مكتبة القاهرة الكبرى القاعة الرئيسية 10/01/2019   235\ د ك 166532 10/01/2019 10/01/2019 كتاب
    ddc     مكتبة القاهرة الكبرى مكتبة القاهرة الكبرى القاعة الرئيسية 10/01/2019   235\ د ك 166533 10/01/2019 10/01/2019 كتاب
    ddc     مكتبة القاهرة الكبرى مكتبة القاهرة الكبرى القاعة الرئيسية 10/01/2019   235\ د ك 166534 10/01/2019 10/01/2019 كتاب
    ddc     مكتبة القاهرة الكبرى مكتبة القاهرة الكبرى القاعة الرئيسية 10/01/2019   235\ د ك 166535 10/01/2019 10/01/2019 كتاب
    ddc     مكتبة القاهرة الكبرى مكتبة القاهرة الكبرى القاعة الرئيسية 10/01/2019   235\ د ك 166536 10/01/2019 10/01/2019 كتاب
    ddc     مكتبة القاهرة الكبرى مكتبة القاهرة الكبرى القاعة الرئيسية 10/01/2019   235\ د ك 166537 10/01/2019 10/01/2019 كتاب
    ddc     مكتبة القاهرة الكبرى مكتبة القاهرة الكبرى القاعة الرئيسية 10/01/2019   235\ د ك 166538 10/01/2019 10/01/2019 كتاب
    ddc     مكتبة القاهرة الكبرى مكتبة القاهرة الكبرى القاعة الرئيسية 10/01/2019   235\ د ك 166539 10/01/2019 10/01/2019 كتاب
    ddc     مكتبة القاهرة الكبرى مكتبة القاهرة الكبرى القاعة الرئيسية 10/01/2019   235\ د ك 166540 10/01/2019 10/01/2019 كتاب
    ddc     مكتبة القاهرة الكبرى مكتبة القاهرة الكبرى القاعة الرئيسية 10/01/2019   235\ د ك 166541 10/01/2019 10/01/2019 كتاب
    ddc     مكتبة القاهرة الكبرى مكتبة القاهرة الكبرى القاعة الرئيسية 10/01/2019   235\ د ك 166542 10/01/2019 10/01/2019 كتاب
    ddc     مكتبة القاهرة الكبرى مكتبة القاهرة الكبرى القاعة الرئيسية 10/01/2019   235\ د ك 166543 10/01/2019 10/01/2019 كتاب
    ddc     مكتبة القاهرة الكبرى مكتبة القاهرة الكبرى القاعة الرئيسية 10/01/2019   235\ د ك 166544 10/01/2019 10/01/2019 كتاب

Powered By

EGPV